ब्रह्मपुत्र / (Record no. 116392)

MARC details
000 -LEADER
fixed length control field 00973nam a22002537a 4500
005 - DATE AND TIME OF LATEST TRANSACTION
control field 20170124103038.0
010 ## - LIBRARY OF CONGRESS CONTROL NUMBER
LC control number A-593596
020 ## - INTERNATIONAL STANDARD BOOK NUMBER
Terms of availability 150.00
035 ## - SYSTEM CONTROL NUMBER
System control number A-593596
037 ## - SOURCE OF ACQUISITION
Source of stock number/acquisition Cen Lib/Ret
040 ## - CATALOGING SOURCE
Original cataloging agency DPL
Language of cataloging HN
082 ## - DEWEY DECIMAL CLASSIFICATION NUMBER
Classification number
Item number सत्यार्थी
100 ## - MAIN ENTRY--PERSONAL NAME
Personal name सत्यार्थी, देवेन्द्र
9 (RLIN) 45
245 ## - TITLE STATEMENT
Title ब्रह्मपुत्र /
Statement of responsibility, etc देवेन्द्र सत्यार्थी
246 ## - VARYING FORM OF TITLE
Title proper/short title Brahamputra /
Remainder of title by Devendra Satyarthi
260 ## - PUBLICATION, DISTRIBUTION, ETC. (IMPRINT)
Place of publication, distribution, etc दिल्ली
Name of publisher, distributor, etc ज्ञान गंगा
Date of publication, distribution, etc 1992
270 ## - ADDRESS
Address 205, चावडी बाज़ार
City दिल्ली
Postal code 110006
300 ## - PHYSICAL DESCRIPTION
Extent 308पृ.
Dimensions 21सेमी (सजिल्द)
650 ## - SUBJECT ADDED ENTRY--TOPICAL TERM
Topical term or geographic name as entry element हिन्दी साहित्य
9 (RLIN) 66297
650 ## - SUBJECT ADDED ENTRY--TOPICAL TERM
Topical term or geographic name as entry element उपन्यास
9 (RLIN) 66298
650 ## - SUBJECT ADDED ENTRY--TOPICAL TERM
Topical term or geographic name as entry element Hindi literature
9 (RLIN) 66299
650 ## - SUBJECT ADDED ENTRY--TOPICAL TERM
Topical term or geographic name as entry element Fiction
9 (RLIN) 8901
942 ## - ADDED ENTRY ELEMENTS (KOHA)
Source of classification or shelving scheme Dewey Decimal Classification
Koha item type Hindi Books
Classification part
Call number suffix सत्यार्थी
Holdings
Withdrawn status Lost status Damaged status Not for loan Home library Current library Date acquired Source of acquisition Cost, normal purchase price Total Checkouts Total Renewals Full call number Barcode Date last seen Date checked out Copy number Cost, replacement price Price effective from Koha item type
        Central Library Central Library 24/08/2015 Cen Lib/Ret 150.00 7 2 उ सत्यार्थी A-593596 03/02/2024 15/01/2024 1 150.00 24/08/2015 Hindi Books

© Delhi Public Library
Hit Counter
free hit counter